Welcome to Marium Abdulla Library

Embrace knowledge with a breath of fresh air.

Browse Collection

Marium Abdulla Library

The Times world religions / (Record no. 15227)

MARC details
000 -LEADER
fixed length control field 01007cam a22003254a 4500
001 - CONTROL NUMBER
control field 12950367
003 - CONTROL NUMBER IDENTIFIER
control field IVS
005 - DATE AND TIME OF LATEST TRANSACTION
control field 20250626031040.0
008 - FIXED-LENGTH DATA ELEMENTS--GENERAL INFORMATION
fixed length control field 011214s2002 enkab e b 001 0 eng
010 ## - LIBRARY OF CONGRESS CONTROL NUMBER
LC control number 2002491080
020 ## - INTERNATIONAL STANDARD BOOK NUMBER
International Standard Book Number 0007131402
035 ## - SYSTEM CONTROL NUMBER
System control number (UkLWHE)b000146670
040 ## - CATALOGING SOURCE
Original cataloging agency DLC
Transcribing agency DLC
Modifying agency DLC
042 ## - AUTHENTICATION CODE
Authentication code pcc
050 00 - LIBRARY OF CONGRESS CALL NUMBER
Classification number BL80.3
Item number .T56 2002
082 00 - DEWEY DECIMAL CLASSIFICATION NUMBER
Classification number 200.9 MAR
Edition information 21
Item number 21563
100 ## - MAIN ENTRY--PERSONAL NAME
Personal name Martin Palmer.
245 04 - TITLE STATEMENT
Title The Times world religions /
Statement of responsibility, etc. general editor, Martin Palmer.
246 30 - VARYING FORM OF TITLE
Title proper/short title World religions
260 ## - PUBLICATION, DISTRIBUTION, ETC.
Place of publication, distribution, etc. London :
Name of publisher, distributor, etc. Times Books,
Date of publication, distribution, etc. 2002.
300 ## - PHYSICAL DESCRIPTION
Extent 256 p. :
Other physical details ill. (chiefly col.), col. maps ;
Dimensions 32 cm.
504 ## - BIBLIOGRAPHY, ETC. NOTE
Bibliography, etc. note Includes bibliographical references (p. 242-247) and index.
650 #0 - SUBJECT ADDED ENTRY--TOPICAL TERM
Topical term or geographic name entry element Religions.
650 #0 - SUBJECT ADDED ENTRY--TOPICAL TERM
Topical term or geographic name entry element Religion.
700 1# - ADDED ENTRY--PERSONAL NAME
Personal name Palmer, Martin.
710 2# - ADDED ENTRY--CORPORATE NAME
Corporate name or jurisdiction name as entry element Times Books (Firm)
906 ## - LOCAL DATA ELEMENT F, LDF (RLIN)
a 7
b cbc
c origres
d 2
e ncip
f 20
g y-gencatlg
942 ## - ADDED ENTRY ELEMENTS (KOHA)
Source of classification or shelving scheme Dewey Decimal Classification
Koha item type Book
Suppress in OPAC No
Holdings
Date last seen Total checkouts Full call number Barcode Price effective from Koha item type Lost status Source of classification or shelving scheme Damaged status Not for loan Collection Withdrawn status Home library Current library Shelving location Date acquired Source of acquisition Cost, normal purchase price
02/04/2025   200.9 MAR 21563 02/04/2025 Book   Dewey Decimal Classification     Foundation Year   Marium Abdulla Library Marium Abdulla Library Non-Ref 02/04/2025 A.R Books 5795.00